<?xml version="1.0" encoding="UTF-8"?>
<collection xmlns="http://www.loc.gov/MARC21/slim">
 <record>
  <leader>01178nam a2200301 a 4500</leader>
  <controlfield tag="001">4074</controlfield>
  <controlfield tag="003">BD-DhAAL</controlfield>
  <controlfield tag="005">20150606091522.0</controlfield>
  <controlfield tag="008">150606s2003    maua          000 0 eng  </controlfield>
  <datafield tag="010" ind1=" " ind2=" ">
   <subfield code="a">  2001131496</subfield>
  </datafield>
  <datafield tag="020" ind1=" " ind2=" ">
   <subfield code="a">0618144099 (pbk.)</subfield>
  </datafield>
  <datafield tag="040" ind1=" " ind2=" ">
   <subfield code="a">DLC</subfield>
   <subfield code="c">DLC</subfield>
   <subfield code="d">DLC</subfield>
   <subfield code="d">BD-DhAAL</subfield>
  </datafield>
  <datafield tag="050" ind1="0" ind2="0">
   <subfield code="a">PE1128</subfield>
   <subfield code="b">.B5936 2003</subfield>
  </datafield>
  <datafield tag="082" ind1="0" ind2="0">
   <subfield code="a">808/.0428</subfield>
   <subfield code="2">22</subfield>
  </datafield>
  <datafield tag="245" ind1="0" ind2="0">
   <subfield code="a">Blueprints 1 :</subfield>
   <subfield code="b">composition skills for academic writing /</subfield>
   <subfield code="c">Keith S. Folse ... [et al.].</subfield>
  </datafield>
  <datafield tag="246" ind1="3" ind2=" ">
   <subfield code="a">Blueprints one</subfield>
  </datafield>
  <datafield tag="246" ind1="3" ind2="0">
   <subfield code="a">Composition skills for academic writing</subfield>
  </datafield>
  <datafield tag="260" ind1=" " ind2=" ">
   <subfield code="a">Boston :</subfield>
   <subfield code="b">Houghton Mifflin,</subfield>
   <subfield code="c">c2003.</subfield>
  </datafield>
  <datafield tag="300" ind1=" " ind2=" ">
   <subfield code="a">xx, 204 p. :</subfield>
   <subfield code="b">ill. ;</subfield>
   <subfield code="c">28 cm.</subfield>
  </datafield>
  <datafield tag="541" ind1=" " ind2=" ">
   <subfield code="e">4074</subfield>
  </datafield>
  <datafield tag="650" ind1=" " ind2="0">
   <subfield code="a">English language</subfield>
   <subfield code="x">Textbooks for foreign speakers.</subfield>
   <subfield code="9">11684</subfield>
  </datafield>
  <datafield tag="650" ind1=" " ind2="0">
   <subfield code="a">English language</subfield>
   <subfield code="x">Paragraphs</subfield>
   <subfield code="v">Problems, exercises, etc.</subfield>
   <subfield code="9">11685</subfield>
  </datafield>
  <datafield tag="650" ind1=" " ind2="0">
   <subfield code="a">English language</subfield>
   <subfield code="x">Rhetoric</subfield>
   <subfield code="v">Problems, exercises, etc.</subfield>
   <subfield code="9">11558</subfield>
  </datafield>
  <datafield tag="650" ind1=" " ind2="0">
   <subfield code="a">Academic writing</subfield>
   <subfield code="v">Problems, exercises, etc.</subfield>
   <subfield code="9">11686</subfield>
  </datafield>
  <datafield tag="700" ind1="1" ind2=" ">
   <subfield code="a">Folse, Keith S.</subfield>
   <subfield code="9">11687</subfield>
  </datafield>
  <datafield tag="942" ind1=" " ind2=" ">
   <subfield code="2">ddc</subfield>
   <subfield code="c">BK</subfield>
  </datafield>
  <datafield tag="999" ind1=" " ind2=" ">
   <subfield code="c">34607</subfield>
   <subfield code="d">34607</subfield>
  </datafield>
  <datafield tag="952" ind1=" " ind2=" ">
   <subfield code="0">0</subfield>
   <subfield code="1">0</subfield>
   <subfield code="2">ddc</subfield>
   <subfield code="4">0</subfield>
   <subfield code="6">808_042800000000000_BLU</subfield>
   <subfield code="7">0</subfield>
   <subfield code="9">54045</subfield>
   <subfield code="a">SCL</subfield>
   <subfield code="b">SCL</subfield>
   <subfield code="c">GEN</subfield>
   <subfield code="d">2015-06-06</subfield>
   <subfield code="l">1</subfield>
   <subfield code="m">4</subfield>
   <subfield code="o">808.0428 BLU</subfield>
   <subfield code="p">3020004074</subfield>
   <subfield code="r">2019-12-09</subfield>
   <subfield code="s">2019-09-22</subfield>
   <subfield code="t">1</subfield>
   <subfield code="w">2015-06-06</subfield>
   <subfield code="y">BK</subfield>
  </datafield>
 </record>
</collection>
